000 00827nam a2200229Ii 4500
003 JO-AjNU
008 230605s9999||||xx |||||||||||||| ||und||
017 _a1403/3/2019
020 _a978-9923-25-005-1
040 _aJO-AjNU
_bara
_erda
_cJO-AjNU
041 _aara
050 1 4 _aHM742.2020
100 3 _aالعطاونة، علي محمد علي,
_eauthor
_964039
245 0 0 _aمواقع التواصل ااجتماعي والميزة التنافسية
250 _aط1
264 3 1 _aعمان: دار امجد للنشر والتوزيع، 2020
300 _a144ص
336 _atext
_btxt
_2rdacontent
337 _aunmediated
_bn
_2rdamedia
338 _avolume
_bnc
_2rdacarrier
650 4 _aالتفاعل الاجتماعي-تطبيقات الحاسوب-الاتصال الجماهيري-الترويج
_964040
999 _aA29078
_c32646
_d32646